Empresa Servieconst S.A Marzo a Noviembre 2019
Presenta informe de prácticas profesionales de la Empresa Serviconst donde se participó en distintas actividades como visitas de campo a proyectos a desarrollar, elaboración de levantamientos topográficos, apoyo en cálculo de take off para elaboración de presupuestos.
| Main Authors: | , |
|---|---|
| Other Authors: | |
| Format: | Tesis Section = Libro |
| Language: | Undetermined Spanish |
| Published: |
Managua
UNI
2019
|
| Subjects: |
| LEADER | 01086nam a2200265Ia 4500 | ||
|---|---|---|---|
| 008 | 240830s9999 xx 000 0 und d | ||
| 040 | |a BIBLIOTECA-RUSB/ Mon 712.3 F634 | ||
| 041 | |a spa | ||
| 082 | |a Mon 712.3 F634 | ||
| 100 | 1 | |a Flores Castellón, César Abner | |
| 100 | 1 | |b Hernández Rivas, Osman Bismarck | |
| 245 | 1 | 0 | |a Empresa Servieconst S.A Marzo a Noviembre 2019 |
| 260 | |a Managua |b UNI |c 2019 | ||
| 300 | |a 162 p. :il. | ||
| 500 | |a Contiene: anexos y CD. | ||
| 502 | |a Tesis (Arquitecto) - UNI, 2019. | ||
| 520 | 3 | |a Presenta informe de prácticas profesionales de la Empresa Serviconst donde se participó en distintas actividades como visitas de campo a proyectos a desarrollar, elaboración de levantamientos topográficos, apoyo en cálculo de take off para elaboración de presupuestos. | |
| 650 | 7 | |a DISEÑO ARQUITECTONICO | |
| 650 | 7 | |b ARQUITECTURA- PLANOS | |
| 650 | 7 | |c CONSTRUCCION- LEVANTAMIENTO DE PLANOS | |
| 650 | 7 | |d PRACTICAS PROFESIONALES | |
| 700 | 1 | |a Tutor: |b Mayorga Navarro, Eduardo José | |
| 942 | |c BK |2 ddc | ||
| 991 | |a TESIS | ||
| 999 | |c 21055 | ||